00282nam a22001097a 4500020001800000082001500018100003500033245003500068260004400103300000800147650001700155 a9781107108905 a297.82 JON aJones, JustinaAli Osman Qasmi aThe Shi'a in Modern South Asia aDelhibCambredge University Pressc2015 a212 aShi'a- Islam